Gaming Quiz

Random Gaming or Board Games Quiz

Speed Gaming Quiz Stats

Quiz Updated May 1, 2015

Also try: Speed Sports
Challenge
Share
Tweet
Embed
Score 0/32 Timer 04:00
0 Plays Today
Instruction Answer % Correct
????
100%
????
98.7%
????
97.4%
????
95.9%
????
86.8%
????
83.2%
????
78%
????
77.5%
????
75.2%
????
74.5%
????
70%
????
69.9%
????
67.3%
????
63.8%
????
62.7%
????
60.1%
Instruction Answer % Correct
????
58%
????
56%
????
55.2%
????
54.6%
????
54%
????
41.2%
????
38.4%
????
31%
????
30.9%
????
30.5%
????
28.8%
????
20.4%
????
18.2%
????
16.7%
????
14.6%
????
13.8%

You're not logged in!

Compare scores with friends on all Sporcle quizzes.
Sign Up with Email
OR
Log In

You Might Also Like...

Show Comments

Extras

Top Quizzes Today


Score Distribution

Your Account Isn't Verified!

In order to create a playlist on Sporcle, you need to verify the email address you used during registration. Go to your Sporcle Settings to finish the process.